[Event "Titled Tuesday intern op 17th Sep Early"]
[Site "Chess,com INT"]
[Date "2024.09.17"]
[Round "2"]
[White "Chan, Wei Xuan Timothy"]
[Black "Vakhlamov, Igor L"]
[Result "1-0"]
[WhiteElo "2393"]
[BlackElo "2413"]
[PlyCount "109"]
[EventDate "2024.09.17"]
[EventType "swiss (blitz)"]
[EventRounds "11"]
[EventCountry "USA"]
[SourceTitle "EXT 2025"]
[Source "ChessBase"]
[SourceDate "2024.10.14"]
[SourceVersion "1"]
[SourceVersionDate "2024.10.14"]
[SourceQuality "1"]

1. e4 c5 2. Nf3 Nc6 3. Bb5 Nf6 4. Nc3 Qc7 5. 0-0 Nd4 6. Bc4 Ng4 7. g3 Nxf3+ 8. Qxf3 Ne5 9. Qe2 Nxc4 10. Qxc4 e6 11. d4 a6 12. Bf4 d6 13. dxc5 b5 14. Qd3 Qxc5 15. Rad1 b4 16. Na4 Qc6 17. Bxd6 Bb7 18. Nc5 Rd8 19. Nxb7 Qxb7 20. e5 Bxd6 21. exd6 0-0 22. Rd2 Rd7 23. Rfd1 Rfd8 24. Qc4 h5 25. Rd4 a5 26. Qc5 Qa6 27. Qxh5 Rxd6 28. Rxd6 Rxd6 29. Rxd6 Qxd6 30. Qxa5 Qd1+ 31. Kg2 Qxc2 32. Qxb4 Qc6+ 33. Kg1 Qc1+ 34. Kg2 Qc6+ 35. Kh3 Qd5 36. Qb8+ Kh7 37. Qb3 Qd2 38. Kg2 e5 39. a4 f5 40. Qc3 Qd5+ 41. Qf3 e4 42. Qh5+ Kg8 43. Qe8+ Kh7 44. Qb5 Qd1 45. Qxf5+ Kh8 46. Qxe4 Qc2 47. Qxc2 g5 48. a5 Kg7 49. Qc6 g4 50. a6 Kf8 51. a7 Ke7 52. a8Q Kf7 53. Qab7+ Kf8 54. Qf6+ Kg8 55. Qfg7# 1-0

[Event "Titled Tuesday intern op 17th Sep Early"]
[Site "Chess,com INT"]
[Date "2024.09.17"]
[Round "7"]
[White "Suyarov, Mukhammadzokhid"]
[Black "Vakhlamov, Igor L"]
[Result "1-0"]
[WhiteElo "2467"]
[BlackElo "2413"]
[PlyCount "53"]
[EventDate "2024.09.17"]
[EventType "swiss (blitz)"]
[EventRounds "11"]
[EventCountry "USA"]
[SourceTitle "EXT 2025"]
[Source "ChessBase"]
[SourceDate "2024.10.14"]
[SourceVersion "1"]
[SourceVersionDate "2024.10.14"]
[SourceQuality "1"]

1. e4 c5 2. Nf3 Nc6 3. Bb5 Nf6 4. Nc3 Qc7 5. 0-0 Nd4 6. Bc4 e6 7. h3 a6 8. a4 b6 9. d3 Bb7 10. Ba2 Nxf3+ 11. Qxf3 Bd6 12. Qe2 Be5 13. f4 Bd4+ 14. Be3 Bxe3+ 15. Qxe3 d6 16. e5 Nd7 17. f5 Nxe5 18. fxe6 fxe6 19. Bxe6 Qe7 20. Nd5 Bxd5 21. Bxd5 0-0-0 22. Rf7 Qh4 23. Ra7 Rhf8 24. Qe4 Qf2+ 25. Kh1 Rf4 26. Be6+ Rd7 27. Qa8# 1-0

[Event "Titled Tuesday intern op 17th Sep Early"]
[Site "Chess,com INT"]
[Date "2024.09.17"]
[Round "6"]
[White "Vakhlamov, Igor L"]
[Black "De Boer, Eelke"]
[Result "1-0"]
[WhiteElo "2413"]
[BlackElo "2415"]
[PlyCount "69"]
[EventDate "2024.09.17"]
[EventType "swiss (blitz)"]
[EventRounds "11"]
[EventCountry "USA"]
[SourceTitle "EXT 2025"]
[Source "ChessBase"]
[SourceDate "2024.10.14"]
[SourceVersion "1"]
[SourceVersionDate "2024.10.14"]
[SourceQuality "1"]

1. e4 c5 2. Nf3 d6 3. Nc3 a6 4. d4 cxd4 5. Qxd4 Nc6 6. Qd3 Nf6 7. Nd5 e6 8. Nxf6+ Qxf6 9. Be2 h6 10. 0-0 Be7 11. c3 0-0 12. a4 Rd8 13. Be3 d5 14. Rfd1 dxe4 15. Qxe4 Bd7 16. Bb6 Be8 17. Bxd8 Bxd8 18. h3 Bc7 19. Rac1 Rb8 20. b4 Ne7 21. b5 axb5 22. Bxb5 Nc6 23. Nd4 e5 24. Nxc6 bxc6 25. Bd3 c5 26. Rb1 Rc8 27. Bb5 Ba5 28. Qb7 Qe6 29. Rd6 Qf5 30. Rbd1 Bxb5 31. axb5 Bxc3 32. g4 Qf4 33. Qxc8+ Kh7 34. Qf5+ Qxf5 35. gxf5 1-0

[Event "Titled Tuesday intern op 17th Sep Early"]
[Site "Chess,com INT"]
[Date "2024.09.17"]
[Round "4"]
[White "Vakhlamov, Igor L"]
[Black "Taboas Rodriguez, Daniel"]
[Result "1-0"]
[WhiteElo "2413"]
[BlackElo "2330"]
[PlyCount "81"]
[EventDate "2024.09.17"]
[EventType "swiss (blitz)"]
[EventRounds "11"]
[EventCountry "USA"]
[SourceTitle "EXT 2025"]
[Source "ChessBase"]
[SourceDate "2024.10.14"]
[SourceVersion "1"]
[SourceVersionDate "2024.10.14"]
[SourceQuality "1"]

1. e4 e5 2. Nf3 Nc6 3. Nc3 Nf6 4. Bb5 Bb4 5. Nd5 Ba5 6. 0-0 0-0 7. Re1 d6 8. Nxf6+ Qxf6 9. h3 Qg6 10. Kh1 f5 11. Nh4 Qf6 12. Nxf5 Bxf5 13. exf5 Qxf5 14. Bxc6 bxc6 15. Rf1 Bb6 16. d3 Rf6 17. Be3 Raf8 18. Bxb6 cxb6 19. Qe2 Rh6 20. Qe3 Rff6 21. Rae1 Rh4 22. c3 Rfh6 23. Kh2 g5 24. Qg3 g4 25. Re4 Kh8 26. f3 Rxh3+ 27. gxh3 Rxh3+ 28. Qxh3 gxh3 29. f4 h5 30. Rf2 h4 31. a4 Qg4 32. Re3 exf4 33. Rxh3 d5 34. Rg2 Qh5 35. Rf2 Qg4 36. Rhf3 c5 37. Rxf4 Qg3+ 38. Kh1 Qxd3 39. Rxh4+ Kg7 40. Rg4+ Kh6 41. Rh2+ 1-0

[Event "Titled Tuesday intern op 17th Sep Early"]
[Site "Chess,com INT"]
[Date "2024.09.17"]
[Round "5"]
[White "Zahmati, Sobhan"]
[Black "Vakhlamov, Igor L"]
[Result "0-1"]
[WhiteElo "2114"]
[BlackElo "2413"]
[PlyCount "136"]
[EventDate "2024.09.17"]
[EventType "swiss (blitz)"]
[EventRounds "11"]
[EventCountry "USA"]
[SourceTitle "EXT 2025"]
[Source "ChessBase"]
[SourceDate "2024.10.14"]
[SourceVersion "1"]
[SourceVersionDate "2024.10.14"]
[SourceQuality "1"]

1. e4 c5 2. Nf3 Nc6 3. Bb5 Nf6 4. Nc3 Qc7 5. 0-0 Nd4 6. Re1 a6 7. Bf1 e5 8. Nd5 Nxd5 9. exd5 d6 10. c3 Nxf3+ 11. Qxf3 Be7 12. d4 0-0 13. Qg3 cxd4 14. cxd4 exd4 15. Bh6 Bf6 16. Bf4 Rd8 17. Bxd6 Qa5 18. Rac1 Qxd5 19. Bc4 Qg5 20. Qb3 Be6 21. Bxe6 fxe6 22. Qxe6+ Kh8 23. Rc7 d3 24. Rd7 h5 25. Rxd8+ Rxd8 26. Bc7 d2 27. Rd1 Rd4 28. Qe8+ Kh7 29. Qe2 h4 30. Bb6 Rd6 31. Be3 Qg6 32. h3 Qc2 33. b3 Rd5 34. Rxd2 Rxd2 35. Qxd2 Qb1+ 36. Kh2 Qe4 37. Bf4 g5 38. Bd6 Kg6 39. g3 b5 40. gxh4 gxh4 41. Qf4 Qd5 42. Qg4+ Kf7 43. Bf4 a5 44. Qe2 Qf5 45. Be3 a4 46. Kg2 Qe4+ 47. Qf3 Qg6+ 48. Kf1 axb3 49. axb3 Qb1+ 50. Kg2 Qxb3 51. Qb7+ Kg6 52. Qe4+ Kg7 53. Qb7+ Kg6 54. Qe4+ Kf7 55. Bf4 Qc4 56. Qb7+ Kg6 57. Qf3 Qc5 58. Be3 Qf5 59. Qc6 b4 60. Qe8+ Kh7 61. Qf7+ Kh8 62. Qf8+ Kh7 63. Qh6+ Kg8 64. f3 b3 65. Bd2 b2 66. Qe3 b1Q 67. Qe8+ Kh7 68. Qf7+ Bg7 0-1

[Event "Abu Dhabi Masters Online"]
[Site "Chess.com INT"]
[Date "2024.08.21"]
[Round "7"]
[White "Andriasian, Zaven"]
[Black "Vakhlamov, Igor L"]
[Result "1-0"]
[WhiteElo "2558"]
[BlackElo "2413"]
[PlyCount "95"]
[EventDate "2024.08.21"]
[EventType "swiss (blitz)"]
[EventRounds "11"]
[EventCountry "UAE"]
[SourceTitle "CBM 221 Extra"]
[Source "ChessBase"]
[SourceDate "2024.09.30"]
[SourceVersion "1"]
[SourceVersionDate "2024.09.30"]
[SourceQuality "1"]

1. e4 c5 2. Nf3 Nc6 3. Bb5 Nf6 4. Nc3 Qc7 5. 0-0 Nd4 6. Nxd4 cxd4 7. Nd5 Nxd5 8. exd5 Qc5 9. c4 dxc3 10. Ba4 Qxd5 11. Bb3 Qf5 12. dxc3 e6 13. Bc2 Qf6 14. a4 Be7 15. a5 0-0 16. Ra4 d5 17. Rf4 Qe5 18. Re1 Qc7 19. Qh5 f5 20. Rf3 Bf6 21. Rh3 g6 22. Qf3 Qxa5 23. Bf4 Bd7 24. Rh6 Rf7 25. h4 Bg7 26. h5 Bxh6 27. Bxh6 Qd8 28. Qg3 Qf6 29. Bg5 Qg7 30. h6 Qf8 31. Bf4 Re8 32. Qe3 b6 33. Qe5 Bb5 34. Be3 g5 35. Bd4 Rf6 36. Qxf6 Qxf6 37. Bxf6 g4 38. Ra1 a5 39. Bd4 Rb8 40. Re1 Kf7 41. Kh2 Bd7 42. Kg3 Kg6 43. Kf4 Kxh6 44. Rh1+ Kg6 45. f3 h5 46. fxg4 hxg4 47. Rh4 Kf7 48. Rh7+ 1-0

[Event "Titled Tuesday intern op 13th Aug Early"]
[Site "Chess.com INT"]
[Date "2024.08.13"]
[Round "6"]
[White "Blokhin, Sofia"]
[Black "Vakhlamov, Igor L"]
[Result "0-1"]
[WhiteElo "2052"]
[BlackElo "2413"]
[PlyCount "50"]
[EventDate "2024.08.13"]
[EventType "swiss (blitz)"]
[EventRounds "11"]
[EventCountry "USA"]
[SourceTitle "EXT 2025"]
[Source "ChessBase"]
[SourceDate "2024.10.14"]
[SourceVersion "1"]
[SourceVersionDate "2024.10.14"]
[SourceQuality "1"]

1. d4 d5 2. c4 e6 3. Nc3 c5 4. cxd5 cxd4 5. Qxd4 Nc6 6. Qd1 exd5 7. Qxd5 Bd6 8. e4 Nf6 9. Qd1 0-0 10. Bg5 h6 11. Bh4 Re8 12. f3 Nxe4 13. Nxe4 Qxh4+ 14. g3 Bxg3+ 15. hxg3 Qxh1 16. Kf2 Qh5 17. Ne2 Bf5 18. N2c3 Rad8 19. Qc1 Nd4 20. Qf4 Bxe4 21. Nxe4 Qa5 22. Rd1 Qb6 23. Kg2 Qxb2+ 24. Rd2 Qb6 25. Qg4 f5 0-1

[Event "Titled Tuesday intern op 13th Aug Early"]
[Site "Chess.com INT"]
[Date "2024.08.13"]
[Round "5"]
[White "Vakhlamov, Igor L"]
[Black "Jahnz, Laurin"]
[Result "1/2-1/2"]
[WhiteElo "2413"]
[BlackElo "2086"]
[PlyCount "112"]
[EventDate "2024.08.13"]
[EventType "swiss (blitz)"]
[EventRounds "11"]
[EventCountry "USA"]
[SourceTitle "EXT 2025"]
[Source "ChessBase"]
[SourceDate "2024.10.14"]
[SourceVersion "1"]
[SourceVersionDate "2024.10.14"]
[SourceQuality "1"]

1. e4 c5 2. Nf3 Nc6 3. Nc3 Nf6 4. Bb5 g6 5. e5 Ng4 6. Bxc6 dxc6 7. h3 Nh6 8. d3 Bg7 9. Ne4 b6 10. Bg5 0-0 11. g4 f6 12. exf6 exf6 13. Be3 f5 14. gxf5 Bxf5 15. Qd2 Bxe4 16. dxe4 Rxf3 17. Bxh6 Qxd2+ 18. Bxd2 Bxb2 19. Rb1 Bd4 20. Rh2 Raf8 21. Rb3 Rxf2 22. Rxf2 Bxf2+ 23. Ke2 Bd4 24. c3 Be5 25. Rb1 Bf4 26. Be1 Rd8 27. a4 g5 28. a5 b5 29. Rb2 Be5 30. a6 b4 31. Rb3 Bxc3 32. Bxc3 bxc3 33. Rxc3 Rd4 34. Ke3 Ra4 35. Rxc5 Rxa6 36. Rxg5+ Kf7 37. Kd4 Ra4+ 38. Kd3 Ra3+ 39. Kd4 a5 40. h4 a4 41. Ra5 Ra1 42. Ra7+ Ke6 43. Rxh7 a3 44. Kc3 Re1 45. Rh6+ Kd7 46. Kb3 Re3+ 47. Ka2 c5 48. h5 c4 49. Rg6 Rxe4 50. Kxa3 Rh4 51. h6 Ke7 52. Kb4 Kf7 53. Rc6 Kg8 54. Rxc4 Rxc4+ 55. Kxc4 Kh7 56. Kc5 Kxh6 1/2-1/2

[Event "Titled Tuesday intern op 09th Jul Early"]
[Site "Chess.com INT"]
[Date "2024.07.09"]
[Round "9"]
[White "Papayan, Oleg"]
[Black "Vakhlamov, Igor L"]
[Result "0-1"]
[WhiteElo "2183"]
[BlackElo "2413"]
[PlyCount "60"]
[EventDate "2024.07.09"]
[EventType "swiss (blitz)"]
[EventRounds "11"]
[EventCountry "USA"]
[SourceTitle "EXT 2025"]
[Source "ChessBase"]
[SourceDate "2024.10.14"]
[SourceVersion "1"]
[SourceVersionDate "2024.10.14"]
[SourceQuality "1"]

1. d4 d5 2. Nc3 Nf6 3. Bf4 c5 4. e4 Nxe4 5. Nxe4 dxe4 6. dxc5 Qa5+ 7. c3 Qxc5 8. Qa4+ Nc6 9. Qxe4 g6 10. Nf3 Bg7 11. Rd1 0-0 12. Be3 Qa5 13. Bc4 Bf5 14. Qh4 Bf6 15. Ng5 h5 16. Rd5 Qc7 17. Rxf5 gxf5 18. Qxh5 Bxg5 19. Qxg5+ Kh8 20. Qh6+ Kg8 21. Qg6+ Kh8 22. Qh5+ Kg8 23. g4 f4 24. Qg5+ Kh8 25. Bxf4 Qd7 26. Qh6+ Kg8 27. Qg6+ Kh8 28. Bxf7 Rxf7 29. Qxf7 Qxg4 30. Qc4 Rd8 0-1

[Event "Titled Tuesday intern op 09th Jul Early"]
[Site "Chess.com INT"]
[Date "2024.07.09"]
[Round "10"]
[White "Sarana, Alexey"]
[Black "Vakhlamov, Igor L"]
[Result "1-0"]
[WhiteElo "2717"]
[BlackElo "2413"]
[PlyCount "35"]
[EventDate "2024.07.09"]
[EventType "swiss (blitz)"]
[EventRounds "11"]
[EventCountry "USA"]
[SourceTitle "EXT 2025"]
[Source "ChessBase"]
[SourceDate "2024.10.14"]
[SourceVersion "1"]
[SourceVersionDate "2024.10.14"]
[SourceQuality "1"]

1. d4 d5 2. c4 e6 3. Nc3 c5 4. cxd5 cxd4 5. Qa4+ Bd7 6. Qxd4 exd5 7. Qe5+ Be6 8. e4 Nc6 9. Bb5 dxe4 10. Bg5 Nge7 11. Qxe4 h6 12. Rd1 Qb6 13. Be3 Qa5 14. Nf3 a6 15. Bc4 Bf5 16. Qh4 Ng6 17. Qh5 Bb4 18. 0-0 1-0

[Event "Titled Tuesday intern op 09th Jul Early"]
[Site "Chess.com INT"]
[Date "2024.07.09"]
[Round "3"]
[White "Tabuenca Mendataurigoitia, Daniel"]
[Black "Vakhlamov, Igor L"]
[Result "1/2-1/2"]
[WhiteElo "2423"]
[BlackElo "2413"]
[PlyCount "71"]
[EventDate "2024.07.09"]
[EventType "swiss (blitz)"]
[EventRounds "11"]
[EventCountry "USA"]
[SourceTitle "EXT 2025"]
[Source "ChessBase"]
[SourceDate "2024.10.14"]
[SourceVersion "1"]
[SourceVersionDate "2024.10.14"]
[SourceQuality "1"]

1. Nf3 c5 2. g3 Nf6 3. Bg2 d5 4. 0-0 Nc6 5. d4 e6 6. a3 a5 7. Bg5 Be7 8. dxc5 Bxc5 9. Nbd2 h6 10. Bxf6 Qxf6 11. c4 0-0 12. cxd5 exd5 13. Nb3 Ba7 14. Qd2 Bg4 15. h3 Be6 16. Rac1 Rfd8 17. Nc5 Bxc5 18. Rxc5 d4 19. Rd1 Rd7 20. Qf4 Qe7 21. Rcc1 Rad8 22. Kh2 Bd5 23. Rd2 a4 24. h4 Be6 25. Ne5 Nxe5 26. Qxe5 Bg4 27. Qxe7 Rxe7 28. Bf1 g6 29. Rc4 b5 30. Rcxd4 Rxd4 31. Rxd4 Bxe2 32. Kg2 Kg7 33. Bxe2 Rxe2 34. Rb4 Re5 35. b3 axb3 36. Rxb3 1/2-1/2

[Event "Titled Tuesday intern op 09th Jul Early"]
[Site "Chess.com INT"]
[Date "2024.07.09"]
[Round "4"]
[White "Vakhlamov, Igor L"]
[Black "Acosta, Pablo Ismael"]
[Result "1/2-1/2"]
[WhiteElo "2413"]
[BlackElo "2449"]
[PlyCount "154"]
[EventDate "2024.07.09"]
[EventType "swiss (blitz)"]
[EventRounds "11"]
[EventCountry "USA"]
[SourceTitle "EXT 2025"]
[Source "ChessBase"]
[SourceDate "2024.10.14"]
[SourceVersion "1"]
[SourceVersionDate "2024.10.14"]
[SourceQuality "1"]

1. e4 e6 2. d4 d5 3. Nc3 Nf6 4. Bd3 c5 5. Nf3 c4 6. e5 cxd3 7. exf6 dxc2 8. Qxc2 gxf6 9. 0-0 Nc6 10. Bf4 Bd6 11. Qd2 a6 12. Rfe1 Ne7 13. Rac1 Rg8 14. Bg3 Bxg3 15. hxg3 Qd6 16. Qh6 Ng6 17. Qxh7 Rh8 18. Qg7 Ke7 19. Nh4 Rxh4 20. gxh4 Nxh4 21. Nxd5+ Qxd5 22. Rc7+ Bd7 23. Qg3 Nf5 24. Qa3+ Qd6 25. d5 e5 26. Rxb7 Rc8 27. Qa5 Rc5 28. Qb6 Rxd5 29. Rc1 Rb5 30. Qxd6+ Kxd6 31. Rcc7 Rxb7 32. Rxb7 Nd4 33. Rb6+ Bc6 34. Rxa6 f5 35. b4 f4 36. a4 Kd5 37. b5 Bd7 38. Ra7 Be6 39. a5 Nxb5 40. Rb7 Kc6 41. Rb6+ Kc5 42. Rb7 Bd5 43. Rb8 Nc7 44. Rb6 e4 45. Rf6 Ne6 46. Rxf7 e3 47. fxe3 fxe3 48. Kf1 Bc4+ 49. Ke1 Nd4 50. Re7 Ne6 51. g4 Kd6 52. Re8 Kd7 53. Rb8 Nd4 54. Rb2 e2 55. Kf2 Bd3 56. Rd2 e1Q+ 57. Kxe1 Nf3+ 58. Kd1 Nxd2 59. Kxd2 Ba6 60. Ke3 Ke7 61. Kf4 Kf6 62. g5+ Kg6 63. Ke5 Kxg5 64. Kd6 Kf4 65. Kc6 Be2 66. Kb6 Bd3 67. Kc5 Ba6 68. Kd4 Be2 69. Kc5 Ba6 70. Kb4 Be2 71. Kc3 Ke5 72. Kd2 Ba6 73. Kc3 Kd6 74. Kb4 Kc6 75. Kc3 Kc5 76. Kc2 Kb5 77. Kd2 Kxa5 1/2-1/2

[Event "Titled Tuesday intern op 09th Jul Early"]
[Site "Chess.com INT"]
[Date "2024.07.09"]
[Round "2"]
[White "Vakhlamov, Igor L"]
[Black "Antunez, Soler Luis"]
[Result "1-0"]
[WhiteElo "2413"]
[BlackElo "2200"]
[PlyCount "59"]
[EventDate "2024.07.09"]
[EventType "swiss (blitz)"]
[EventRounds "11"]
[EventCountry "USA"]
[SourceTitle "EXT 2025"]
[Source "ChessBase"]
[SourceDate "2024.10.14"]
[SourceVersion "1"]
[SourceVersionDate "2024.10.14"]
[SourceQuality "1"]

1. e4 e6 2. d4 d5 3. Nc3 Nf6 4. Bd3 c5 5. Nf3 c4 6. e5 cxd3 7. exf6 Qxf6 8. Qxd3 a6 9. 0-0 Bd6 10. Re1 0-0 11. Bg5 Qg6 12. Qd2 Nc6 13. Re2 Bd7 14. Bf4 Bb4 15. a3 Be7 16. Nd1 Rac8 17. Ne3 b6 18. Rae1 h6 19. c3 f6 20. h3 Na5 21. Nxd5 exd5 22. Rxe7 Bxh3 23. Nh4 Qg4 24. Bg3 Nc4 25. Qc2 Bxg2 26. Nxg2 h5 27. Qe2 Qg5 28. Nf4 h4 29. Ne6 Qg6 30. Rxg7+ 1-0

[Event "Titled Tuesday intern op 25th Jun Early"]
[Site "Chess.com INT"]
[Date "2024.06.25"]
[Round "4"]
[White "Pranav, V."]
[Black "Vakhlamov, Igor L"]
[Result "0-1"]
[WhiteElo "2632"]
[BlackElo "2413"]
[PlyCount "127"]
[EventDate "2024.06.25"]
[EventType "swiss (blitz)"]
[EventRounds "11"]
[EventCountry "USA"]
[SourceTitle "EXT 2025"]
[Source "ChessBase"]
[SourceDate "2024.10.14"]
[SourceVersion "1"]
[SourceVersionDate "2024.10.14"]
[SourceQuality "1"]

1. e4 c5 2. Nf3 Nc6 3. Bb5 Nf6 4. Nc3 Qc7 5. h3 e5 6. 0-0 Be7 7. d3 Nd4 8. Nxd4 cxd4 9. Ne2 0-0 10. f4 d6 11. Ba4 Rb8 12. Ng3 a5 13. Bb3 b5 14. a4 bxa4 15. Bxa4 Be6 16. Rf2 exf4 17. Bxf4 Nd7 18. Bxd7 Bxd7 19. b3 Qc5 20. Ne2 Ra8 21. Bc1 Rfc8 22. Nf4 Bh4 23. Re2 a4 24. bxa4 Rxa4 25. Bb2 Rca8 26. Rxa4 Rxa4 27. Nd5 Be6 28. Kh2 h6 29. c4 Ra8 30. g3 Bg5 31. Nf4 Ra2 32. Rf2 Qb6 33. Qe2 Qb3 34. h4 Bf6 35. Qc2 Qb4 36. Kg2 Be5 37. Qc1 Qb3 38. Bxd4 Bxd4 39. Re2 Rxe2+ 40. Nxe2 Qxd3 41. Nf4 Qxe4+ 42. Kh2 Be5 43. Nxe6 fxe6 44. Qd1 Qxh4+ 45. Kg2 Qxg3+ 46. Kf1 Qf4+ 47. Ke2 Qxc4+ 48. Kf3 Qf4+ 49. Kg2 Qe4+ 50. Kh3 Qf5+ 51. Kg2 Qf6 52. Qa4 d5 53. Qd7 Kh7 54. Qc6 d4 55. Qd7 Qf5 56. Kg1 d3 57. Qd8 Bc3 58. Qd7 d2 59. Kg2 Qg4+ 60. Kh2 Qf4+ 61. Kh3 Qe3+ 62. Kh4 Qd4+ 63. Qxd4 Bxd4 64. Kh5 0-1

[Event "Titled Tuesday intern op 25th Jun Early"]
[Site "Chess.com INT"]
[Date "2024.06.25"]
[Round "2"]
[White "Vakhlamov, Igor L"]
[Black "Dobrowolski, Piotr"]
[Result "1-0"]
[WhiteElo "2413"]
[BlackElo "2412"]
[PlyCount "75"]
[EventDate "2024.06.25"]
[EventType "swiss (blitz)"]
[EventRounds "11"]
[EventCountry "USA"]
[SourceTitle "EXT 2025"]
[Source "ChessBase"]
[SourceDate "2024.10.14"]
[SourceVersion "1"]
[SourceVersionDate "2024.10.14"]
[SourceQuality "1"]

1. e4 e6 2. d4 d5 3. Nc3 Bb4 4. exd5 exd5 5. Bd3 Nc6 6. Nf3 Bg4 7. 0-0 Nge7 8. h3 Bh5 9. a3 Bxc3 10. bxc3 Bg6 11. c4 Bxd3 12. Qxd3 dxc4 13. Qxc4 0-0 14. Re1 Qd5 15. Qd3 Rfe8 16. c4 Qf5 17. Qc3 b6 18. Bb2 Qf6 19. Qc2 Na5 20. d5 Qg6 21. Qc3 Nf5 22. Ne5 Qh6 23. c5 f6 24. Nc4 Nxc4 25. Qxc4 Kh8 26. d6 cxd6 27. c6 Qd2 28. Bc3 d5 29. Qb3 Qd3 30. Rxe8+ Rxe8 31. Rd1 Qa6 32. Qxd5 Qc8 33. Qd7 Ne7 34. c7 Kg8 35. Bb4 Qxd7 36. Rxd7 Nc6 37. Rd6 Nxb4 38. Rd8 1-0

[Event "Titled Tuesday intern op 25th Jun Early"]
[Site "Chess.com INT"]
[Date "2024.06.25"]
[Round "8"]
[White "Vakhlamov, Igor L"]
[Black "Maltsevskaya, Aleksandra"]
[Result "1-0"]
[WhiteElo "2413"]
[BlackElo "2386"]
[PlyCount "65"]
[EventDate "2024.06.25"]
[EventType "swiss (blitz)"]
[EventRounds "11"]
[EventCountry "USA"]
[SourceTitle "EXT 2025"]
[Source "ChessBase"]
[SourceDate "2024.10.14"]
[SourceVersion "1"]
[SourceVersionDate "2024.10.14"]
[SourceQuality "1"]

1. e4 c6 2. d4 d5 3. exd5 cxd5 4. c4 Nf6 5. Nc3 e6 6. c5 Be7 7. Bb5+ Nc6 8. Nf3 0-0 9. 0-0 Bd7 10. Bf4 b6 11. Bxc6 Bxc6 12. b4 bxc5 13. dxc5 Ne4 14. Nxe4 dxe4 15. Nd4 Bd5 16. Rc1 Bxa2 17. Nc6 Qe8 18. Nxe7+ Qxe7 19. Bd6 Qf6 20. Bxf8 Rxf8 21. Qd6 Bd5 22. c6 e3 23. fxe3 Qb2 24. Qg3 Rc8 25. c7 Qxb4 26. Rb1 Qf8 27. Rb8 f6 28. Rxc8 Qxc8 29. Qd6 Kf7 30. Qd8 Bb7 31. Rd1 e5 32. Qxc8 Bxc8 33. Rd8 1-0

[Event "Titled Tuesday intern op 25th Jun Early"]
[Site "Chess.com INT"]
[Date "2024.06.25"]
[Round "11"]
[White "Vakhlamov, Igor L"]
[Black "Maneluk, Daniil"]
[Result "1-0"]
[WhiteElo "2413"]
[BlackElo "2288"]
[PlyCount "87"]
[EventDate "2024.06.25"]
[EventType "swiss (blitz)"]
[EventRounds "11"]
[EventCountry "USA"]
[SourceTitle "EXT 2025"]
[Source "ChessBase"]
[SourceDate "2024.10.14"]
[SourceVersion "1"]
[SourceVersionDate "2024.10.14"]
[SourceQuality "1"]

1. e4 e6 2. d4 d5 3. Nc3 Nf6 4. Bd3 c5 5. Nf3 Nc6 6. exd5 Nxd5 7. Nxd5 Qxd5 8. dxc5 Bxc5 9. 0-0 0-0 10. Qe2 e5 11. Be4 Nd4 12. Nxd4 Qxd4 13. Rd1 Qb4 14. c3 Qb6 15. b4 Be7 16. Be3 Qc7 17. Qc2 f5 18. Bd5+ Kh8 19. Qb3 Bd7 20. f3 Rac8 21. c4 b6 22. Rac1 Bc6 23. c5 Bxd5 24. Qxd5 Rcd8 25. Qe6 bxc5 26. Rxd8 Rxd8 27. bxc5 f4 28. Bf2 h6 29. c6 Rd6 30. Qc4 Rd2 31. a4 Bd6 32. h3 Be7 33. a5 Bd8 34. a6 Rb2 35. Qc5 Bf6 36. Qxa7 Qc8 37. c7 e4 38. fxe4 f3 39. Qb7 Rxb7 40. axb7 Qxb7 41. c8Q+ Qxc8 42. Rxc8+ Kh7 43. gxf3 Be5 44. Rc5 1-0

[Event "Titled Tuesday intern op 18th Jun Early"]
[Site "Chess.com INT"]
[Date "2024.06.18"]
[Round "10"]
[White "Dowgird, Filip"]
[Black "Vakhlamov, Igor L"]
[Result "0-1"]
[WhiteElo "2348"]
[BlackElo "2413"]
[PlyCount "107"]
[EventDate "2024.06.18"]
[EventType "swiss (blitz)"]
[EventRounds "11"]
[EventCountry "USA"]
[SourceTitle "EXT 2025"]
[Source "ChessBase"]
[SourceDate "2024.10.14"]
[SourceVersion "1"]
[SourceVersionDate "2024.10.14"]
[SourceQuality "1"]

1. d4 d5 2. Bf4 Nf6 3. e3 Bf5 4. c4 e6 5. Qb3 Nc6 6. Nc3 Bb4 7. a3 Bxc3+ 8. Qxc3 0-0 9. Nf3 Ne4 10. Qb3 Na5 11. Qa4 c5 12. cxd5 exd5 13. b4 cxb4 14. axb4 Nc6 15. b5 Ne7 16. Qb3 Ng6 17. Bg3 a5 18. bxa6 bxa6 19. Be2 Nxg3 20. hxg3 Qb8 21. Qa3 a5 22. 0-0 h6 23. Rfc1 Rc8 24. Rxc8+ Qxc8 25. Rc1 Qb7 26. Rc5 a4 27. Bb5 Bd7 28. Bd3 Ne7 29. Ne5 Be8 30. Bc2 Nc8 31. Rc3 Nb6 32. Qa2 Bb5 33. Rc5 Bc4 34. Qa3 f6 35. Nxc4 Nxc4 36. Qa2 a3 37. Bb3 Kh8 38. Bxc4 dxc4 39. Rxc4 Qb2 40. Rc2 Qxc2 41. Qxc2 a2 42. g4 a1Q+ 43. Kh2 Qa2 44. Qf5 Qa5 45. d5 Rd8 46. e4 Qc7+ 47. g3 Qe5 48. Qxe5 fxe5 49. f4 Re8 50. f5 Rc8 51. Kh3 Rc4 52. g5 Rxe4 53. gxh6 gxh6 54. g4 0-1

[Event "Titled Tuesday intern op 18th Jun Early"]
[Site "Chess.com INT"]
[Date "2024.06.18"]
[Round "4"]
[White "Thet, Naung"]
[Black "Vakhlamov, Igor L"]
[Result "1-0"]
[WhiteElo "2270"]
[BlackElo "2413"]
[PlyCount "115"]
[EventDate "2024.06.18"]
[EventType "swiss (blitz)"]
[EventRounds "11"]
[EventCountry "USA"]
[SourceTitle "EXT 2025"]
[Source "ChessBase"]
[SourceDate "2024.10.14"]
[SourceVersion "1"]
[SourceVersionDate "2024.10.14"]
[SourceQuality "1"]

1. d4 d5 2. c4 e6 3. Nf3 Nf6 4. Nc3 c5 5. cxd5 cxd4 6. Nxd4 Nxd5 7. Bd2 Bc5 8. Nf3 0-0 9. e3 Nc6 10. Be2 e5 11. 0-0 Be6 12. Rc1 Bb6 13. Na4 e4 14. Ne1 Bc7 15. Nc5 Bc8 16. g3 Re8 17. Ng2 Qe7 18. Qc2 Bb6 19. a3 Nf6 20. Rfd1 h6 21. b4 Bg4 22. Bc3 Bxe2 23. Bxf6 Qxf6 24. Qxe2 Ne5 25. Nd7 Nf3+ 26. Kh1 Qf5 27. Ne1 Rad8 28. Nxb6 axb6 29. Kg2 Qg4 30. Nxf3 exf3+ 31. Qxf3 Qg6 32. Qxb7 Ra8 33. Rc3 h5 34. h4 Rab8 35. Qc6 Re6 36. Qf3 Rf6 37. Qd5 Re8 38. Rd2 Qg4 39. Rc4 Qg6 40. Rf4 Rxf4 41. exf4 Qg4 42. Qf3 Qf5 43. Rd5 Qc2 44. Rxh5 Qc1 45. Re5 Rd8 46. Qe2 Kh7 47. Qe4+ g6 48. h5 Rd6 49. hxg6+ Rxg6 50. Rh5+ Kg7 51. Qe5+ f6 52. Qe7+ Kg8 53. Qe8+ Kg7 54. Qh8+ Kf7 55. Rh7+ Ke6 56. Qe8+ Kf5 57. Rh5+ Kg4 58. Qxg6# 1-0